000 00298nam a2200121Ia 4500
008 240731s9999 xx 000 0 und d
022 _a2333-7494
245 0 _aCritical Military Studies
260 _bRoutledge
856 _uhttps://www.tandfonline.com/loi/rcms20
942 _2ddc
942 _cTFEJ
999 _c76122
_d76122
945 _a1
_bMadushi Gamage
_c1
_dMadushi Gamage